| 000 | 00380pab a2200169 454500 | ||
|---|---|---|---|
| 008 | 180718b2012 xxu||||| |||| 00| 0 eng d | ||
| 100 | _aShah, Shalini | ||
| 245 | _aOn gender, wives and Pativratas | ||
| 260 | _c2012 | ||
| 300 | _ap.77-90. | ||
| 362 | _aMay-Jun | ||
| 650 | _aMarried women | ||
| 650 | _aWomen | ||
| 773 | _aSocial Scientist | ||
| 908 | _aN | ||
| 909 | _a97195 | ||
| 999 |
_c97195 _d97195 |
||